000 00837nam a22003017a 4500
003 CHAP
005 20220329134958.0
008 971013s1903 r 00010 d
010 _a28983
011 _a29955
035 _a34066
040 _cCHAP
082 _a631
_bL4
100 0 0 _aLemée, Carlos.
_965950
245 _aCurso de agricultura
250 _a4 ed.
260 _aLa Plata :
_bSesé y Larrañaga,
_c1903
300 _av.
500 _aLa biblioteca tiene: v.1
590 _aBATCH-UPD
_b10
_c20130110
_lUCH01
_h2108
590 _aBATCH-UPD
_b10
_c20130410
_lUCH01
_h1420
590 _aBATCH-UPD
_b10
_c20130914
_lUCH01
_h2116
590 _aCONVERSION
_b10
_c20130109
_lUCH01
_h1317
650 1 4 _aAgricultura.
_91172
901 _aBK
942 _cLIBRO
949 _a631 L4
_bBC
_cLIBRO
_d-78962
_eLIBRO
_fv.1
_h27491
_i34066
_si
999 _c28983
_d28983